Sudden Death : Cate Blanchett Filmography - Statistics

General Stats
  • This quiz has been taken 56 times
  • The average score is 9 of 10
Answers on the Grid
Answers color-coded by a green-red scale on the quiz's grid according to % correct below.
Blue jasmine
Pirates of the Caribbean
Jurassic park
Babel
The silence of the lambs
Elizabeth
Titanic
Thor: Ragnarok
Ocean’s 8
The Devil Wears Prada
The Hunger Games
Mamma Mia!
Black Swan
Carol
The Curious Case of Benjamin Button
Lords of The Ring
The Aviator
Girl interrupted
La La Land
Gone Girl
Scream
Salt
Tàr
 
Answer Stats
Answer % Correct
Elizabeth
95%
Blue jasmine
93%
Carol
89%
Lords of The Ring
89%
Tàr
89%
The Curious Case of Benjamin Button
89%
The Aviator
86%
Thor: Ragnarok
84%
Ocean’s 8
80%
Babel
77%
No matching quizzes found
Score Distribution
Percent of People with Each Score
Percentile by Number Answered
Your Score History
You have not taken this quiz